000 00615nam a2200229Ia 4500
003 OSt
005 20221005120407.0
006 a|||||r|||| 00| 0
007 ta
008 221004b |||||||| |||| 00| 0 eng d
024 _a66540
037 _cTextual
040 _aCRL
_cCRL
_beng
041 _2eng
_aeng
082 _aV51:73:39, K4
100 _aSnodgrass Anthony
_9629090
245 0 _aEarly Greek armour and weapons from the end of the Bronze age to 600 BC
260 _c1964
650 _aHISTORY
942 _hV51:73:39, K4
_cTEXL
_2cc
999 _c1037830
_d1037830